000 00467nam a2200133Ia 4500
003 GCL
008 140319s9999 xx 000 0 ara d
040 _aGCL /
_cGCL
082 0 4 _a330.962
_bج ا
245 1 0 _aالاصلاح الاقتصادى وأثاره التوزيعية أعمال المؤتمر العلمى لقيم الاقتصاد 21-23 نوفمبر 1992
260 _a[S.N] :
_bدار المستقبل العربى ،
_c1994
300 _a584 ص
490 _a
999 _c34875
_d34875